Whose news? The media and women's issues (Record no. 814)

MARC details
000 -LEADER
Fixed length control field 00523nam a2200181 4500
003 - CONTROL NUMBER IDENTIFIER
Control field SEACOMMC
005 - DATE AND TIME OF LATEST TRANSACTION
Control field 20250425155203.0
008 - FIXED-LENGTH DATA ELEMENTS--GENERAL INFORMATION
Fixed length control field 241202b |||||||| |||| 00| 0 eng d
020 ## - INTERNATIONAL STANDARD BOOK NUMBER / ISBN
International Standard Book Number 978-0-76193-493-6
Price Rs.420.00
040 ## - CATALOGING SOURCE
Original cataloging agency SEACOMMC
082 ## - DEWEY DECIMAL CLASSIFICATION NUMBER
Classification number 305.4
Book Number J 83
100 ## - MAIN ENTRY--PERSONAL NAME
Personal name Ammu Joseph (ed.)
245 1# - TITLE STATEMENT
Title Whose news? The media and women's issues
Statement of responsibility Ammu Joseph (ed.) [and] Kalpana Sharma (ed.)
250 ## - EDITION STATEMENT
Edition statement 2nd ed.
260 ## - IMPRINT
Place of publication New Delhi
Name of publisher Sage Publications
Date of publication 2006
650 ## - SUBJECT ADDED ENTRY--TOPICAL TERM
Topical term Social Sciences
942 ## - ADDED ENTRY ELEMENTS (KOHA)
Koha item type Books
Holdings
Withdrawn status Lost status Source of classification Damaged status Not for loan Home library Current library Shelving location Date acquired Total Checkouts Call number Accession number Date last seen Price effective from Koha item type Copy number
    Dewey Decimal Classification     SEACOM MANAGEMENT COLLEGE SEACOM MANAGEMENT COLLEGE Reference 28/12/2007   305.4 J 83 M-1082 02/12/2024 02/12/2024 Books  
    Dewey Decimal Classification     SEACOM MANAGEMENT COLLEGE SEACOM MANAGEMENT COLLEGE   28/12/2007   305.4 J 83 M-1083 02/12/2024 02/12/2024 Books 1
© Seacom Engineering College, All rights reserved.    Powered by Koha